Safety and the lone surveyor (Record no. 75024)

MARC details
000 -LEADER
fixed length control field 00910cab a2200205 4500
001 - CONTROL NUMBER
control field L129255
008 - FIXED-LENGTH DATA ELEMENTS--GENERAL INFORMATION
fixed length control field 050404n2005 000 0 eng u
035 ## - SYSTEM CONTROL NUMBER
System control number (Sirsi) u129255
041 ## - LANGUAGE CODE
Language code of text/sound track or separate title eng
100 ## - MAIN ENTRY--PERSONAL NAME
Personal name Ambrose, Jan
245 ## - TITLE STATEMENT
Title Safety and the lone surveyor
260 ## - PUBLICATION, DISTRIBUTION, ETC.
Date of publication, distribution, etc. 2005
490 ## - SERIES STATEMENT
Series statement RICS Building Control
Volume/sequential designation (158) April 2005, 4-5(2)
520 ## - SUMMARY, ETC.
Summary, etc. Discusses health and safety with regard to the surveyor working alone. Notes that Direct Line Insurance in conjunction with the Suzy Lamplugh Trust have produced a wealth of useful common sense information for lone drivers. RICS has also written guidance on these issues in "Surveying safely: your guide to personal safety at work" (J127781).
590 ## - LOCAL NOTE (RLIN)
Local note IKA150405
650 ## - SUBJECT ADDED ENTRY--TOPICAL TERM
Topical term or geographic name entry element HEALTH AND SAFETY AT WORK ETC ACT 1974
650 ## - SUBJECT ADDED ENTRY--TOPICAL TERM
Topical term or geographic name entry element MANAGEMENT OF HEALTH AND SAFETY AT WORK REGULATIONS 1999
690 ## - LOCAL SUBJECT ADDED ENTRY--TOPICAL TERM (OCLC, RLIN)
Topical term or geographic name as entry element Health and safety
9 (RLIN) 6244
942 ## - ADDED ENTRY ELEMENTS (KOHA)
Suppress in OPAC 0
Holdings
Withdrawn status Lost status Source of classification or shelving scheme Damaged status Not for loan Home library Current library Shelving location Date acquired Total Checkouts Full call number Barcode Date last seen Copy number Price effective from Koha item type
    Dewey Decimal Classification     London London Journal article 04/04/2005   L129255 129255-1001 06/08/2019 1 06/08/2019 Journal article